| 000 | 00724nam a2200229 a 4500 | ||
|---|---|---|---|
| 999 |
_c10089 _d10089 |
||
| 001 | 10089 | ||
| 003 | BD-JhCC | ||
| 005 | 20180417111727.0 | ||
| 008 | 171021s2005 bg a|||| ||a| 001 0 ben d | ||
| 020 | _a9848557148 | ||
| 035 | _a(BD-JhCC)10089 | ||
| 040 |
_aBD-JhCC _dBD-JhCC |
||
| 041 | _aben | ||
| 082 |
_a920 _bCHO 2005 |
||
| 100 | _aচৌধুরী, আবুল আহসান | ||
| 245 |
_aসুরের চারণ আব্বাসউদ্দীন / _cআবুল আহসান চৌধুরী |
||
| 260 |
_aঢাকা : _bসূচীপত্র ; _c2005. |
||
| 300 |
_a২৫৫ পৃ. ; _c২২ সে.মি. |
||
| 650 | _aBiography | ||
| 942 |
_2ddc _cBK |
||